Mental health and the community: (Record no. 5321)

000 -LEADER
fixed length control field 01056nam a2200337 4500
003 - CONTROL NUMBER IDENTIFIER
control field OSt
005 - DATE AND TIME OF LATEST TRANSACTION
control field 20220407085809.0
008 - FIXED-LENGTH DATA ELEMENTS--GENERAL INFORMATION
fixed length control field 691120s1969 nyu b 001 0 engm
010 ## - LIBRARY OF CONGRESS CONTROL NUMBER
LC control number 68059451
020 ## - INTERNATIONAL STANDARD BOOK NUMBER
International Standard Book Number -
035 ## - SYSTEM CONTROL NUMBER
System control number 1718
035 ## - SYSTEM CONTROL NUMBER
System control number Vm
035 ## - SYSTEM CONTROL NUMBER
System control number 00022087
040 ## - CATALOGING SOURCE
Original cataloging agency DLC
Transcribing agency ALUPE UNIVERSITY
Modifying agency GTU
-- m.c.
-- m/c
049 ## - LOCAL HOLDINGS (OCLC)
Holding library JHWW [ANNEX]
050 ## - LIBRARY OF CONGRESS CALL NUMBER
Classification number RA790
Item number .M46 1969
090 ## - LOCALLY ASSIGNED LC-TYPE CALL NUMBER (OCLC); LOCAL CALL NUMBER (RLIN)
Classification number (OCLC) (R) ; Classification number, CALL (RLIN) (NR) RA790
Local cutter number (OCLC) ; Book number/undivided call number, CALL (RLIN) .S559 1969
100 1# - MAIN ENTRY--PERSONAL NAME
Personal name Shore, Milton F.
245 10 - TITLE STATEMENT
Title Mental health and the community:
Remainder of title problems, programs, and strategies.
Statement of responsibility, etc. Edited by Milton F. Shore and Fortune V. Mannino.
260 ## - PUBLICATION, DISTRIBUTION, ETC.
Place of publication, distribution, etc. New York,
Name of publisher, distributor, etc. Behavioral Publications
Date of publication, distribution, etc. [1969]
300 ## - PHYSICAL DESCRIPTION
Extent xv, 209 p.
Dimensions 23 cm.
490 1# - SERIES STATEMENT
Series statement Community mental health series
504 ## - BIBLIOGRAPHY, ETC. NOTE
Bibliography, etc. note Includes bibliographies.
650 #0 - SUBJECT ADDED ENTRY--TOPICAL TERM
Topical term or geographic name entry element Community mental health services.
650 #2 - SUBJECT ADDED ENTRY--TOPICAL TERM
Topical term or geographic name entry element City Planning.
650 #2 - SUBJECT ADDED ENTRY--TOPICAL TERM
Topical term or geographic name entry element Community Mental Health Services.
700 1# - ADDED ENTRY--PERSONAL NAME
Personal name Mannino, Fortune V.
Fuller form of name (Fortune Vincent),
Dates associated with a name 1928-
830 #0 - SERIES ADDED ENTRY--UNIFORM TITLE
Uniform title Community mental health series.
910 ## - USER-OPTION DATA (OCLC)
User-option data 1718
942 ## - ADDED ENTRY ELEMENTS (KOHA)
Source of classification or shelving scheme
Koha item type Book
Suppress in OPAC BA
Holdings
Withdrawn status Lost status Source of classification or shelving scheme Damaged status Not for loan Permanent Location Current Location Shelving location Date acquired Source of acquisition Total Checkouts Full call number Barcode Date last seen Price effective from Koha item type Public note
          AU LIBRARY AU LIBRARY Open Shelf 07.04.2022 DONATION FROM MOI UNIVERSITY   RA790 .M46 1969 28007596 07.04.2022 07.04.2022 Book BA

Powered by Koha